Praktická metrológia pre drevárov a nábytkárov Časť 1.

Bibliographic Details
Main Authors: Kráľ, Ján (Author), Strapina, Milan (Author)
Format: Book
Language:Slovak
PhysicalDescription:98 s. tab. 22 cm
Published: Bratislava Lignotesting 2000
ISBN:8085656132
Subjects:

MARC

LEADER 00000nam a2200000 a 4500
001 vtls001419453
003 SK-MaSNL
005 20260301182832.0
008 240226s2000 xo p r y slo
015 |a SNBA2002/02-00413 
020 |a 8085656132 
035 |a SNK000374276 
035 |a urn:nbn:sk:snk-amknal 
035 |a urn:nbn:sk:snk-am003c4t 
035 |a 30F4EB02-2959-4E1E-98EF-7B9744C58D81 
040 |a SNK  |b slo  |c SNK  |e AACR2 
041 0 |a slo 
044 |a xo  |c SK 
080 |a 389:674:684  |2 1981 
100 1 |a Kráľ, Ján  |4 aut  |9 557255 
245 1 0 |a Praktická metrológia pre drevárov a nábytkárov  |n Časť 1.  |c [spracovali: Ján Kráľ, Milan Strapina] 
260 |a Bratislava  |b Lignotesting  |c 2000 
300 |a 98 s.  |b tab.  |c 22 cm 
500 |a Údaj o sprac. prevzatý z tiráže 
650 0 7 |a metrológia  |2 SNKPH  |9 940 
655 7 |a príručky  |2 SNKPH  |9 74364 
700 1 |a Strapina, Milan  |4 aut  |9 9413 
919 |a 80-85656-13-2 
958 |a TL 
999 |c 855002  |d 856932 
952 |t P60, <03>, [BOOK], {603}  |a SNK  |b SNK  |y PREZ  |7 0  |p 17A0314062  |o snkSC 105931/1  |i snkKSP 10481/2001  |0 0  |1 0  |4 0  |d 2001-09-05  |f 1  |l 0  |r 2025-09-26 00:00:00  |w 2026-02-24 
952 |t P60, <04>, [BOOK], {604}  |a SNK  |b SNK  |y VYP  |7 0  |p 17A0314061  |o snkSC 105931/1 D1  |i snkKSP 10482/2001  |0 0  |1 0  |4 0  |d 2001-09-05  |l 0  |r 2005-01-02 00:00:00  |w 2026-02-24